000 01424nam a2200349 i 4500
001 768714001
003 CO-MdFUSB
005 20240618062721.0
007 ta
008 210803t2011 ag b|||| |||| 00| 0 spa d
020 _a9789871355266
040 _aCO-MdFUSB
_bspa
_cCO-MdFUSB
_dCO-MdFUSBC
_erda
041 _aspa
082 _223
_a266
_bH819
100 _aHorst, Willis ‎
_eautor
245 1 _aMisión sin conquista :
_bacompañamiento de comunidades indígenas autóctonas como práctica misionera alternativa.
_c/ Willis ‎Horst , Ute Mueller-Eckhardt , Frank Paul
250 _asegunda edición
_bactualizada
264 1 _aBuenos Aires, Argentina :
_bkairós,
_c[2011]
264 4 _c© 2011
300 _a320 páginas
_c; 20 cm
336 _2rdacontent
_atexto
_btxt
337 _2rdamedia
_aotro
_bn
338 _2rdacarrier
_avolumen
_bnc
505 _aAutogestión religiosa y la iglesia autóctona: hacia una teología de autogestión de la iglesia / Willis Horst. -- La espiritualidad Toba-QOM: La notable trayectoria de fe de un pueblo indígena del Chaco Argentino. / Willis Horst. -- Caminando como misioneros-huéspedes en el Chaco Argentino / Ute Mueller-Eckhardt y Frank Paul.
563 _aRústico
650 0 _9362
_aEvangelización
650 0 _aMisiones
_9154
700 _95444
_aMueller-Eckhardt, Ute
_eautor
700 _95445
_aPaul, Frank,
_eautor
942 _cBK
945 _aJTF-925
999 _c66791
_d66791